La ojo espejo
Đã lưu trong:
| Tác giả chính: | |
|---|---|
| Định dạng: | Sách |
| Ngôn ngữ: | Tiếng Tây Ban Nha |
| Được phát hành: |
Valparaíso
Gobierno Regional de Valparaíso
2001
|
| Loạt: | Colección Poesía
|
| Những chủ đề: | |
| Các nhãn: |
Thêm thẻ
Không có thẻ, Là người đầu tiên thẻ bản ghi này!
|
MARC
| LEADER | 00000nam a2200000 a 4500 | ||
|---|---|---|---|
| 001 | UCM5973 | ||
| 003 | CL-VaPUC | ||
| 008 | 021025e20010000CL |||||||||||||||||spa|d | ||
| 020 | |a 9567944237 | ||
| 082 | 0 | 4 | |a Ch861 |b PAR |2 21 |
| 100 | |a Paredes, Gregorio |e autor |9 471939 | ||
| 245 | 1 | 3 | |a La ojo espejo |
| 300 | |a 54 p | ||
| 942 | |c BK | ||
| 945 | |d 20021025 00:00:00 |a vberengu | ||
| 260 | |a Valparaíso |b Gobierno Regional de Valparaíso |c 2001 | ||
| 650 | 0 | |a Poesías chilenas |9 265280 | |
| 650 | 0 | |a Literatura chilena |9 308278 | |
| 583 | |a last modification |c 20150924 21:40:27 |k Rodrigo Vera | ||
| 490 | 0 | |a Colección Poesía | |
| 999 | |c 301641 |d 301639 | ||
| 952 | |0 0 |1 0 |4 0 |6 CH_861_000000000000000_PAR_2001 |7 0 |8 A |9 360852 |a BIBEDU |b BIBEDU |c ES_NOD |d 2019-11-21 |i 3854639 |o Ch861 PAR 2001 |p 3854639 |r 2023-08-09 |w 2019-11-21 |y BK |k BME | ||
| 952 | |0 0 |1 0 |4 0 |6 CH_861_000000000000000_PAR_2001 |7 0 |8 A |9 360853 |a BIBEDU |b BIBEDU |c ES_NOD |d 2019-11-21 |i 3854396 |o Ch861 PAR 2001 |p 3854396 |r 2023-08-09 |w 2019-11-21 |y BK |k LIT | ||
| 952 | |0 0 |1 0 |4 0 |6 CH_861_000000000000000_PAR_2001 |7 0 |8 A |9 360854 |a BIBEDU |b BIBEDU |c ES_NOD |d 2019-11-21 |i 385440K |o Ch861 PAR 2001 |p 385440K |r 2023-08-09 |w 2019-11-21 |y BK |k LIT | ||